Délmagyarország. - 1951. április 1., Vasárnap
Elmentve itt :
| Dokumentumtípus: | Újság |
|---|---|
| Megjelent: |
1951-04-01
|
| Sorozat: | Délmagyarország
7 No. 76 |
| Online Access: | http://dmarchiv.bibl.u-szeged.hu/12201 |
| LEADER | 00489nas a2200145 i 4500 | ||
|---|---|---|---|
| 001 | delm12201 | ||
| 005 | 20200414160432.0 | ||
| 008 | 171214s1951 hu n o 0|| hun d | ||
| 022 | |a 0133-025X | ||
| 040 | |a SZTE Délmagyarország Archívum |b hun | ||
| 041 | |a hun | ||
| 245 | 0 | 0 | |a Délmagyarország. - 1951. április 1., Vasárnap |h [elektronikus dokumentum] |
| 260 | |c 1951-04-01 | ||
| 490 | 0 | |a Délmagyarország |v 7 No. 76 | |
| 856 | 4 | 0 | |u http://dmarchiv.bibl.u-szeged.hu/12201/1/dm_1951_076.pdf |z Dokumentum-elérés |